Online Public Access Catalog -OPAC

Design of Earthquake Resistant Structures. (Record no. 16154)

MARC details
000 -LEADER
fixed length control field 00375nam a2200109Ia 4500
008 - FIXED-LENGTH DATA ELEMENTS--GENERAL INFORMATION
fixed length control field 180412s9999||||xx |||||||||||||| ||und||
020 ## - INTERNATIONAL STANDARD BOOK NUMBER
International Standard Book Number 072730402X
040 ## - CATALOGING SOURCE
Original cataloging agency Ahmadu Bello University Library - Zaria
100 ## - MAIN ENTRY--PERSONAL NAME
Personal name Rosenblueth, Emilio
245 #0 - TITLE STATEMENT
Title Design of Earthquake Resistant Structures.
Statement of responsibility, etc. edited by Emilio Rosenblueth
260 ## - PUBLICATION, DISTRIBUTION, ETC.
Place of publication, distribution, etc. London
Name of publisher, distributor, etc. Pentech Press
Date of publication, distribution, etc. 1980
300 ## - PHYSICAL DESCRIPTION
Extent 295p.: ill., diagr., table.

No items available.

Customized by ICT Technical Service Unit on 29th Dec 2022

Kashim Ibrahim Library